[Event "It (open)"]
[Site "masterchessopen.com St. Ingbert (Germany)"]
[Round "7"]
[White "Berg George P (USA)"]
[Black "Balzer Lars (GER)"]
[Result "0-1"]
[WhiteElo "2040"]
[BlackElo "2122"]

1.e4 c5 2.Nf3 d6 3.d4 cxd4 4.Nxd4 Nf6 5.Nc3 a6 6.Bg5 Nbd7 7.f4 b5 8.Qe2 b4
9.Nd5 Bb7 10.O-O-O e6 11.Nxf6+ gxf6 12.Bh4 Qc7 13.Kb1 Be7 14.f5 e5 15.Nb3 a5
16.Qe3 a4 17.Nd2 d5 18.exd5 Bxd5 19.Qd3 Qc6 20.Nc4 Be4 21.Qd2 Bxf5 22.Ne3 Be6
23.Nd5 Rb8 24.Be2 b3 25.Bf3 Qc4 26.Bf2 Bf5 27.Ne3 bxc2+ 28.Nxc2 a3 {#R} 0-1

[Event "It"]
[Site "masterchessopen.com Bucharest (Romania)"]
[Round "0"]
[White "Stefanov Parik (ROM)"]
[Black "Marinelli Tullio (ITA)"]
[Result "1-0"]
[WhiteElo "2331"]
[BlackElo "2373"]

1.e4 c5 2.Nf3 d6 3.d4 cxd4 4.Nxd4 Nf6 5.Nc3 a6 6.Bg5 Nbd7 7.Bc4 Qc7 8.Qe2 b5
9.Bd5 Rb8 10.Bc6 e6 11.Bxf6 gxf6 12.O-O-O Bh6+ 13.Kb1 Rg8 14.Qh5 Rg6 15.g3 b4
16.Nce2 Rb6 17.f4 Bf8 18.Ba4 Bb7 19.f5 Rh6 20.Nxe6 Qc4 21.Qf3 fxe6 22.Rd4 Qc5
23.fxe6 f5 24.exd7+ Kd8 25.Rhd1 Bg7 26.Rd5 Bxd5 27.Rxd5 Qc4 28.Rxf5 Qg8 29.h4
Qh8 30.Nf4 Rf6 31.Rxf6 Bxf6 32.Ne6+ {#r} 1-0

[Event "Ch Yugoslavia"]
[Site "masterchessopen.com Kladovo (Yugoslavia)"]
[Round "11"]
[White "Brajovic Radovan (MNE)"]
[Black "Rodic Dragan (SRB)"]
[Result "1-0"]
[WhiteElo "2245"]
[BlackElo "2066"]

1.e4 c5 2.Nf3 d6 3.d4 cxd4 4.Nxd4 Nf6 5.Nc3 a6 6.Bg5 Nbd7 7.Bc4 e6 8.O-O Be7
9.Bxe6 fxe6 10.Nxe6 Qa5 11.Nxg7+ Kf7 12.Nf5 Nb6 13.Bxf6 Bxf6 14.Qh5+ Kf8
15.Qh6+ Kf7 16.Nxd6+ Ke7 17.e5 Bxe5 18.Rfe1 Kd7 19.Rad1 Kc7 20.Nf7 {#r} 1-0

[Event "It (open)"]
[Site "masterchessopen.com Mislata (Spain)"]
[Round "6"]
[White "Bevia Luis Martinez (ESP)"]
[Black "Coret Frasquet Jose (ESP)"]
[Result "0-1"]
[WhiteElo "2181"]
[BlackElo "2290"]

1.e4 c5 2.Nf3 d6 3.d4 cxd4 4.Nxd4 Nf6 5.Nc3 a6 6.Bg5 Nbd7 7.Bc4 Qa5 8.Qd2 e6
9.O-O-O b5 10.Bxe6 fxe6 11.Nxe6 Kf7 12.Nxf8 Rxf8 13.Qxd6 b4 14.Bxf6 Nxf6
15.Nd5 Qxa2 16.Qe7+ Kg8 17.Nxf6+ gxf6 18.Rd3 Qf7 19.Qxb4 Be6 20.Rhd1 Rab8
21.Qa3 Kh8 22.f4 Qc7 23.f5 Bc4 24.Rd7 Qf4+ 25.Kb1 Qe5 26.Re7 Rxb2+ 27.Kc1 Ra2
28.Rdd7 Qf4+ {#R} 0-1

[Event "It (open)"]
[Site "masterchessopen.com Mislata (Spain)"]
[Round "6"]
[White "Bevia Luis Martinez (ESP)"]
[Black "Coret Frasquet Jose (ESP)"]
[Result "0-1"]
[WhiteElo "2181"]
[BlackElo "2290"]

1.e4 c5 2.Nf3 d6 3.d4 cxd4 4.Nxd4 Nf6 5.Nc3 a6 6.Bg5 Nbd7 7.Bc4 Qa5 8.Qd2 e6
9.O-O-O b5 10.Bxe6 fxe6 11.Nxe6 Kf7 12.Nxf8 Rxf8 13.Qxd6 b4 14.Bxf6 Nxf6
15.Nd5 Qxa2 16.Qe7+ Kg8 17.Nxf6+ gxf6 18.Rd3 Qf7 19.Qxb4 Be6 20.Rhd1 Rfb8
21.Qa3 Kh8 22.f4 Qc7 23.f5 Bc4 24.Rd7 Qf4+ 25.Kb1 Qe5 26.Re7 Rxb2+ 27.Kc1 Ra2
28.Rdd7 Qf4+ {#R} 0-1

[Event "Oberliga Northeast 1993/94"]
[Site "masterchessopen.com Germany"]
[Round "0"]
[White "Waldmann Hans-Joachim (GER)"]
[Black "Jahn Otilia (GER)"]
[Result "1-0"]
[WhiteElo "2350"]
[BlackElo "2195"]

1.e4 c5 2.Nf3 d6 3.d4 cxd4 4.Nxd4 Nf6 5.Nc3 a6 6.Bg5 Nbd7 7.Bc4 Qa5 8.Qd2 e6
9.Bb3 b5 10.f3 Bb7 11.O-O-O Be7 12.Kb1 Nc5 13.Rhe1 b4 14.Nd5 exd5 15.Nf5 Kd7
16.Nxe7 Kxe7 17.exd5+ Kd7 18.Bxf6 gxf6 19.Qd4 Nxb3 20.Qxf6 Bxd5 21.Re7+ Kc6
22.cxb3 Rhc8 23.Qd4 Qc5 24.Rc1 Be6 25.Rxc5+ dxc5 26.Qe5 Kb6 27.f4 {#r} 1-0

[Event "It (open)"]
[Site "masterchessopen.com London (Canada)"]
[Round "9"]
[White "Pitre Ron (CAN)"]
[Black "Miles Richard (WLS)"]
[Result "1-0"]
[WhiteElo "2095"]
[BlackElo "2089"]

1.e4 c5 2.Nf3 d6 3.d4 cxd4 4.Nxd4 Nf6 5.Nc3 a6 6.Bg5 Nbd7 7.Qd2 h6 8.Bh4 e5
9.Nb3 Nxe4 10.Nxe4 Qxh4 11.Nxd6+ Bxd6 12.Qxd6 Qe4+ 13.Kd1 Nf6 14.f3 Qf4 15.Bd3
Ng4 16.fxg4 Bxg4+ 17.Ke1 Qe3+ 18.Kf1 Rd8 19.Qc5 Rxd3 20.cxd3 Be2+ 21.Ke1 Qxd3
22.Qxe5+ Kd8 23.Qd4+ {#r} 1-0

[Event "It \"]
[Site "masterchessopen.com Philadelphia (USA)"]
[Round "0"]
[White "Paige Wilbert (USA)"]
[Black "Hough Randall D (USA)"]
[Result "1-0"]
[WhiteElo "2225"]
[BlackElo "1993"]

1.e4 c5 2.Nf3 d6 3.d4 cxd4 4.Nxd4 Nf6 5.Nc3 a6 6.Bg5 Nbd7 7.Bc4 Qa5 8.Qd2 e6
9.O-O h6 10.Bh4 Ne5 11.Bb3 g5 12.Bg3 Bd7 13.f3 Be7 14.Rad1 O-O-O 15.Nd5 Qxd2
16.Nxe7+ Kc7 17.Rxd2 Rde8 18.Nef5 exf5 19.Nxf5 Bxf5 20.exf5 Re7 21.Rfd1 Rd8
22.f4 gxf4 23.Bh4 {#r} 1-0

[Event "It (open)"]
[Site "masterchessopen.com Copenhagen (Denmark)"]
[Round "5"]
[White "Hyldkrog Lars (DEN)"]
[Black "Nilsson Nils S (DEN)"]
[Result "0-1"]
[WhiteElo "2029"]
[BlackElo "2260"]

1.e4 c5 2.Nf3 d6 3.d4 cxd4 4.Nxd4 Nf6 5.Nc3 a6 6.Bg5 Nbd7 7.Bc4 e6 8.Qd2 b5
9.Bxe6 fxe6 10.Nxe6 Qa5 11.O-O Bb7 12.Nxf8 Rxf8 13.Qxd6 Qb6 14.Qg3 Rf7 15.e5
b4 16.exf6 bxc3 17.fxg7 Rxg7 18.Rae1+ Kf8 19.Qf4+ Kg8 20.Qc4+ Kh8 21.Qxc3 Rc8
22.Qd2 h6 23.Re7 Rxg5 24.g3 Ne5 25.Rxe5 Rxe5 26.c3 Rce8 27.c4 Qe6 28.Qc3 Kg8
29.c5 Re1 30.Qb3 Rxf1+ 31.Kxf1 Bd5 32.Qe3 Qh3+ {#R} 0-1

[Event "Ch Hungary (team) 1993/94"]
[Site "masterchessopen.com Hungary"]
[Round "0"]
[White "Kun Sandor (HUN)"]
[Black "Szabo Zsolt Jozsef (HUN)"]
[Result "0-1"]
[WhiteElo "2042"]
[BlackElo "2220"]

1.e4 c5 2.Nf3 d6 3.d4 cxd4 4.Nxd4 Nf6 5.Nc3 a6 6.Bg5 Nbd7 7.Bc4 Qa5 8.Qd2 e6
9.Bxe6 fxe6 10.Nxe6 Kf7 11.Nxf8 Rxf8 12.O-O-O Kg8 13.f4 b5 14.Qxd6 b4 15.Nd5
Qxa2 16.Qxb4 Nxd5 17.exd5 Rb8 18.Qa3 Qc4 19.Be7 Rxf4 20.Bd6 Rf2 21.Qd3 Qa4
22.Qa3 Qxc2# 0-1

[Event "Ch Czech Chess Union (open)"]
[Site "masterchessopen.com Prague (Czech Republic)"]
[Round "5"]
[White "Turner Jan (CZE)"]
[Black "Loucek Vlastimil (CZE)"]
[Result "1-0"]
[WhiteElo "2395"]
[BlackElo "2229"]

1.e4 c5 2.Nf3 d6 3.d4 cxd4 4.Nxd4 Nf6 5.Nc3 a6 6.Bg5 Nbd7 7.f4 h6 8.Bxf6 gxf6
9.Bc4 Qa5 10.Bb3 h5 11.O-O Nc5 12.h3 e6 13.f5 Nxb3 14.axb3 Qc5 15.Kh1 Be7
16.Na4 Qa7 17.c4 Bd7 18.b4 Rc8 19.b3 e5 20.Ne2 d5 21.exd5 Bxb4 22.Nac3 b5
23.Nxb5 Bxb5 24.cxb5 a5 25.Rc1 Ke7 26.Rc6 Rcd8 27.Qc2 Rd7 28.Ng3 Qb8 29.Qc4
Rhd8 30.Rd1 h4 31.Qxh4 Bd6 32.Ne4 {#r} 1-0

[Event "It (open)"]
[Site "masterchessopen.com Biel (Switzerland)"]
[Round "2"]
[White "Raddatz Michael (GER)"]
[Black "Haist Wolfgang (GER)"]
[Result "1-0"]
[WhiteElo "2054"]
[BlackElo "2275"]

1.e4 c5 2.Nf3 d6 3.d4 cxd4 4.Nxd4 Nf6 5.Nc3 a6 6.Bg5 Nbd7 7.Bc4 g6 8.f3 Bg7
9.Qd2 O-O 10.h4 Qc7 11.Bb3 e6 12.h5 Nxh5 13.g4 d5 14.O-O-O Nhf6 15.exd5 exd5
16.Bh6 Bxh6 17.Qxh6 Nb6 18.Bxd5 Rd8 19.Bb3 Qc5 20.Ne4 Qe5 21.Nc6 {#r} 1-0

[Event "n) (b"]
[Site "masterchessopen.com Finkenstein (Austria)"]
[Round "7"]
[White "Stillger Bernhard (GER)"]
[Black "Bodner Alfred (AUT)"]
[Result "1-0"]
[WhiteElo "2285"]
[BlackElo "1993"]

1.e4 c5 2.Nf3 d6 3.d4 cxd4 4.Nxd4 Nf6 5.Nc3 a6 6.Bg5 Nbd7 7.Qd2 h6 8.Bh4 g6
9.Be2 Bg7 10.O-O O-O 11.Rfe1 Re8 12.Bf1 b5 13.a4 b4 14.Nd5 Nxd5 15.Nc6 Qc7
16.exd5 Bxb2 17.Nxe7+ Rxe7 18.Bxe7 Ne5 19.Qxb4 Bxa1 20.Bxd6 Bc3 21.Rxe5 Bxb4
22.Re8+ Kg7 23.Bxc7 Bb7 24.Rxa8 Bxa8 25.d6 Bc6 26.a5 Kf8 27.Bxa6 Ke8 28.Bc8
Bb5 29.a6 Bc5 30.Bb8 Kd8 31.Bb7 Kd7 32.a7 {#r} 1-0

[Event "Ch Hungary (team)"]
[Site "masterchessopen.com Hungary"]
[Round "7"]
[White "Lengyel Bela (HUN)"]
[Black "Szczecina Michal (POL)"]
[Result "1-0"]
[WhiteElo "2425"]
[BlackElo "2085"]

1.e4 c5 2.Nf3 d6 3.d4 cxd4 4.Nxd4 Nf6 5.Nc3 a6 6.Bg5 Nbd7 7.a4 Qc7 8.Be2 e6
9.O-O b6 10.Bh5 Nxh5 11.Qxh5 g6 12.Qh3 Qc4 13.Rad1 e5 14.b3 Qc5 15.Ne6 Nb8
16.Nxc5 Bxh3 17.Nb7 Be6 18.Nxd6+ Bxd6 19.Rxd6 Nd7 20.Rfd1 h6 21.Be3 Rb8 22.a5
{#r} 1-0

[Event "It (open)"]
[Site "masterchessopen.com Lyons (France)"]
[Round "9"]
[White "Couttet Jean-Marie (FRA)"]
[Black "Shirazi Kamran (FRA)"]
[Result "0-1"]
[WhiteElo "2111"]
[BlackElo "2420"]

1.e4 c5 2.Nf3 d6 3.d4 Nf6 4.Nc3 cxd4 5.Nxd4 a6 6.Bg5 Nbd7 7.Bc4 Qa5 8.Qd2 e6
9.Bb3 b5 10.f3 Bb7 11.O-O Be7 12.a4 b4 13.Na2 Nxe4 14.fxe4 Bxg5 15.Qf2 O-O
16.Rae1 Nc5 17.Bc4 Nxe4 18.Rxe4 Bxe4 19.Nxe6 Bd5 20.Bxd5 Qxd5 21.Nxf8 Qxa2
22.Nxh7 Bh6 23.Qf3 Rb8 24.Qd3 Qxa4 25.h4 Qb5 26.Ng5 Qxd3 27.cxd3 b3 28.Ne4
Be3+ 29.Nf2 Bd4 {#R} 0-1

[Event "Ch Provincial"]
[Site "masterchessopen.com Valencia (Spain)"]
[Round "7"]
[White "Barry Bertomeu Enrique (ESP)"]
[Black "Pavia Miralles J M (ESP)"]
[Result "0-1"]
[WhiteElo "1929"]
[BlackElo "2256"]

1.e4 c5 2.Nf3 d6 3.d4 cxd4 4.Nxd4 Nf6 5.Nc3 a6 6.Bg5 Nbd7 7.f4 b5 8.Qf3 Bb7
9.Bd3 Rc8 10.h3 g6 11.O-O Qb6 12.Qf2 Bg7 13.Nf3 Qxf2+ 14.Rxf2 b4 15.Nd5 Nxd5
16.exd5 Nb6 17.Re1 Nxd5 18.Rfe2 e6 19.f5 gxf5 20.Bxf5 Kd7 21.Bd3 Bxb2 22.Bd2
h6 23.Rb1 Bc3 24.a3 a5 25.axb4 Nxb4 26.Bxc3 Rxc3 27.Nd4 Rg8 28.Nb3 Nxd3
29.Nxa5 Bd5 30.cxd3 Rxd3 31.Kf1 Ra3 {#R} 0-1

[Event "It"]
[Site "masterchessopen.com Budapest (Hungary)"]
[Round "7"]
[White "Kuklin Alexander (HUN)"]
[Black "Rodriguez Lopez Rafael (ESP)"]
[Result "0-1"]
[WhiteElo "2270"]
[BlackElo "2410"]

1.e4 c5 2.Nf3 d6 3.d4 cxd4 4.Nxd4 Nf6 5.Nc3 a6 6.Bg5 Nbd7 7.Bc4 Qb6 8.Bb3 e6
9.O-O Be7 10.Be3 Nc5 11.f4 Qc7 12.Qf3 O-O 13.f5 b5 14.e5 dxe5 15.fxe6 exd4
16.exf7+ Kh8 17.Nd5 Qb7 18.Bh6 Nxb3 19.Bxg7+ Kxg7 20.Qg3+ Ng4 21.Nxe7 Qxe7
22.Rae1 Qc5 23.cxb3 d3+ 24.Kh1 d2 25.Rd1 Qe3 26.Qh4 Ra7 27.Rf3 Raxf7 {#R} 0-1

[Event "Ch Europe (juniors) (under 20) (g)"]
[Site "masterchessopen.com Tapolca (Hungary)"]
[Round "3"]
[White "Ciuksyte Dagne (ENG)"]
[Black "Benderac Ana (SRB)"]
[Result "1-0"]
[WhiteElo "2205"]
[BlackElo "2115"]

1.e4 c5 2.Nf3 d6 3.d4 cxd4 4.Nxd4 Nf6 5.Nc3 a6 6.Bg5 Nbd7 7.f4 h6 8.Bxf6 gxf6
9.Bc4 Nb6 10.Bb3 e5 11.Qh5 Qe7 12.fxe5 dxe5 13.Nf5 Bxf5 14.Qxf5 Bg7 15.O-O O-O
16.a4 a5 17.Rf3 Kh8 18.Raf1 Rad8 19.Nd5 Nxd5 20.exd5 Qb4 21.c4 e4 22.Bc2 {#r}
1-0

[Event "Ch Hungary (team) (3 liga)"]
[Site "masterchessopen.com Hungary"]
[Round "0"]
[White "Szobi Tibor (HUN)"]
[Black "Horvath Imre (HUN)"]
[Result "1-0"]
[WhiteElo "2146"]
[BlackElo "1923"]

1.e4 c5 2.Nf3 d6 3.d4 cxd4 4.Nxd4 Nf6 5.Nc3 a6 6.Bg5 Nbd7 7.Qd2 Qc7 8.O-O-O b5
9.f3 Bb7 10.Kb1 e6 11.h4 h6 12.Be3 Ne5 13.g4 O-O-O 14.Ncxb5 axb5 15.Nxb5 Nxf3
16.Qe2 Qa5 17.Rh3 Bxe4 18.Rxf3 Kd7 19.Bd2 Bxf3 20.Qxf3 Qb6 21.g5 hxg5 22.hxg5
Nd5 23.Qxf7+ Be7 24.Re1 Rdf8 25.Qxe6+ Kd8 26.Bc4 Rf2 27.Qxd5 Rhh2 28.Qa8+ {#r}
1-0

[Event "Memorial V.Zagorovsky (open)"]
[Site "masterchessopen.com Voronezh (Russia)"]
[Round "5"]
[White "Ishkov Oleg (RUS)"]
[Black "Petkevich Jusefs (LAT)"]
[Result "0-1"]
[WhiteElo "2317"]
[BlackElo "2440"]

1.e4 c5 2.Nf3 d6 3.d4 cxd4 4.Nxd4 Nf6 5.Nc3 a6 6.Bg5 Nbd7 7.Bc4 Qa5 8.Qd2 e6
9.f3 b5 10.Bb3 Bb7 11.O-O-O Be7 12.Kb1 b4 13.Nd5 exd5 14.Nf5 Bf8 15.Qf4 O-O-O
16.Bh4 dxe4 17.Rxd6 Qe5 18.Qxe5 Nxe5 19.Rxf6 exf3 20.Rb6 fxg2 21.Rc1 Bc5
22.Ne7+ Kc7 23.Rxb7+ Kxb7 24.Bd5+ Rxd5 {#R} 0-1

[Event "Tournament (juniors) (under 13)"]
[Site "masterchessopen.com Wewelsburg (Germany)"]
[Round "0"]
[White "Schlawin Marlon (GER)"]
[Black "Gesing Felix (GER)"]
[Result "1-0"]
[WhiteElo "2261"]
[BlackElo "1976"]

1.e4 c5 2.Nf3 d6 3.d4 cxd4 4.Nxd4 Nf6 5.Nc3 a6 6.Bg5 Nbd7 7.Bd3 b5 8.a3 Bb7
9.O-O Rc8 10.Rc1 h6 11.Bxf6 Nxf6 12.Re1 e6 13.Qe2 Be7 14.Nb1 d5 15.e5 Ne4
16.Nd2 Nxd2 17.Qxd2 Qb6 18.c3 O-O 19.Ra1 Bc5 20.Bb1 Rc7 21.Qc2 Bxd4 22.Qh7#
1-0

[Event "It (open)"]
[Site "masterchessopen.com New York (USA)"]
[Round "4"]
[White "Stripunsky Alexander (USA)"]
[Black "Granda Zuniga Julio E (PER)"]
[Result "1-0"]
[WhiteElo "2520"]
[BlackElo "2605"]

1.e4 c5 2.Nf3 d6 3.d4 cxd4 4.Nxd4 Nf6 5.Nc3 a6 6.Bg5 Nbd7 7.f4 Qb6 { ?! }
8.Qd2 Qxb2 9.Rb1 Qa3 10.Bxf6 gxf6 ( 10...Nxf6 11.e5 { ? } ) 11.Nd5 Rb8 12.Rb3
{ ! } 12...Qa4 ( 12...Qxa2 13.Qb4 { ! } 13...a5 14.Qc3 { ± } ) 13.Bxa6 { !! }
13...e5 ( 13...bxa6 14.Qc3 { ! } 14...Bb7 15.Rxb7 { ! +?? } ) 14.Rb4 Qxa2
15.Nb3 bxa6 ( 15...Qb1+ 16.Nc1 { +?? } ) 16.Qc3 { ! } {#r} 1-0

[Event "Cup Russia"]
[Site "masterchessopen.com Nizhnij Novgorod (Russia)"]
[Round "4"]
[White "Driamin Dmitry (RUS)"]
[Black "Zagrebelny Sergey (UZB)"]
[Result "0-1"]
[WhiteElo "2295"]
[BlackElo "2480"]

1.e4 c5 2.Nf3 d6 3.d4 cxd4 4.Nxd4 Nf6 5.Nc3 a6 6.Bg5 Nbd7 7.Bc4 e6 8.O-O h6
9.Bh4 g5 10.Bg3 Ne5 11.Bb3 b5 12.Qe2 b4 13.Rad1 bxc3 14.Bxe5 dxe5 15.Nc6 Qc7
16.Rd8+ Qxd8 17.Nxd8 Kxd8 18.Qd3+ Bd7 19.Qxc3 Bd6 20.Rd1 Ne8 21.Ba4 Bxa4
22.Qxe5 Rg8 23.Qa5+ Ke7 24.Qxa4 Be5 25.Rd7+ Kf6 26.Qa3 Kg6 27.Qe7 Nd6 28.Ra7
Rge8 29.Qd7 Red8 30.Qe7 Bf6 31.Qc7 {#R} 0-1

[Event "Cup Russia"]
[Site "masterchessopen.com Nizhnij Novgorod (Russia)"]
[Round "4"]
[White "Isanbaev Ramil (RUS)"]
[Black "Kotsur Pavel (KAZ)"]
[Result "1-0"]
[WhiteElo "2290"]
[BlackElo "2515"]

1.e4 c5 2.Nf3 d6 3.d4 cxd4 4.Nxd4 Nf6 5.Nc3 a6 6.Bg5 Nbd7 7.f4 b5 8.Bxf6 Nxf6
9.e5 dxe5 10.fxe5 Ng4 11.Ndxb5 Nxe5 12.Qh5 axb5 13.Bxb5+ Nd7 14.Rf1 Qb6
15.Qxf7+ Kd8 16.O-O-O Ra7 17.Qxf8+ {#r} 1-0

[Event "It (open) (b)"]
[Site "masterchessopen.com Witley (England)"]
[Round "10"]
[White "King Matthew (NZL)"]
[Black "Cave Matthew (ENG)"]
[Result "0-1"]
[WhiteElo "1961"]
[BlackElo "2010"]

1.e4 c5 2.Nf3 d6 3.d4 cxd4 4.Nxd4 Nf6 5.Nc3 a6 6.Bg5 Nbd7 7.f4 b5 8.Qf3 Bb7
9.a3 e6 10.Be2 Be7 11.O-O-O Qc7 12.g4 Rc8 13.Bxf6 Nxf6 14.f5 e5 15.Nb3 Nxe4
16.Qd3 Nxc3 17.bxc3 Bxh1 18.Rxh1 Qxc3 19.Qxc3 Rxc3 20.Bd3 Kd7 21.Kb2 Rhc8
22.h4 d5 23.Rh3 e4 24.Bxb5+ axb5 25.Rxc3 Bf6 {#R} 0-1

[Event "Ch Asturias (juniors) (under 18)"]
[Site "masterchessopen.com Asturias (Spain)"]
[Round "5"]
[White "Villafane Roca Hugo (ESP)"]
[Black "Gutierrez Barrientos Pablo (ESP)"]
[Result "1-0"]
[WhiteElo "2230"]
[BlackElo "1918"]

1.e4 c5 2.Nf3 d6 3.d4 cxd4 4.Nxd4 Nf6 5.Nc3 a6 6.Bg5 Nbd7 7.f4 Qa5 8.Qf3 e6
9.O-O-O Be7 10.Bd3 h6 11.Bh4 O-O 12.g4 Nd5 13.exd5 Bxh4 14.g5 hxg5 15.Rhg1 Qd8
16.dxe6 Ne5 17.fxe5 fxe6 18.Qh5 Rf2 19.Ne4 Rxh2 20.Nf6+ gxf6 21.Qh7+ Kf8
22.Qh8+ Ke7 23.Qg7+ {#r} 1-0

[Event "It (open) \"]
[Site "masterchessopen.com Budapest (Hungary)"]
[Round "4"]
[White "Hiemann Moritz (GER)"]
[Black "Gara Ticia (HUN)"]
[Result "0-1"]
[WhiteElo "2141"]
[BlackElo "2233"]

1.e4 c5 2.Nf3 d6 3.d4 cxd4 4.Nxd4 Nf6 5.Nc3 a6 6.Bg5 Nbd7 7.f4 g6 8.Qf3 Bg7
9.O-O-O Qc7 10.g4 Nb6 11.Bxf6 Bxf6 12.g5 Bg7 13.h4 Bd7 14.Kb1 O-O-O 15.Bg2 Kb8
16.Rhe1 h5 17.f5 Be5 18.Rd3 Rc8 19.fxg6 fxg6 20.Qf7 Rhf8 21.Qxg6 Rf2 22.Bf1
Na4 23.Nd5 Qc5 24.b4 Qc4 {#R} 0-1

[Event "It (open)"]
[Site "masterchessopen.com Cali (Colombia)"]
[Round "6"]
[White "Renteria Jorge (COL)"]
[Black "Mateus Martha (COL)"]
[Result "1-0"]
[WhiteElo "2308"]
[BlackElo "2155"]

1.e4 c5 2.Nf3 d6 3.d4 cxd4 4.Nxd4 Nf6 5.Nc3 a6 6.Bg5 Nbd7 7.Bc4 Qa5 8.Qd2 b5
9.Bb3 Bb7 10.Bxf6 Nxf6 11.O-O e6 12.Rfe1 Be7 13.Bxe6 fxe6 14.Nxe6 Kf7 15.Ng5+
Kg8 16.e5 dxe5 17.Rxe5 Qb4 18.Rae1 Bd6 19.Qe2 Bxe5 20.Qxe5 Qc4 21.Qe7 Bd5
22.Re5 h6 23.Nxd5 hxg5 24.Rxg5 Rh7 25.Nxf6+ Kh8 26.Nxh7 Qd4 27.h3 Kxh7 28.Rh5+
Kg6 29.Qg5+ Kf7 30.Qd5+ Qxd5 31.Rxd5 Ke6 {#r} 1-0

[Event "It (open)"]
[Site "masterchessopen.com Greifswald (Germany)"]
[Round "1"]
[White "Sdunzik Jennifer (GER)"]
[Black "Schroeder Christian Dr (GER)"]
[Result "0-1"]
[WhiteElo "1965"]
[BlackElo "2031"]

1.e4 c5 2.Nf3 d6 3.d4 cxd4 4.Nxd4 Nf6 5.Nc3 a6 6.Bg5 Nbd7 7.f4 e5 8.fxe5 dxe5
9.Nf3 Be7 10.Bc4 O-O 11.Qd2 b5 12.Bd5 Rb8 13.O-O-O Qc7 14.g4 Nb6 15.Bxf6 Bxf6
16.g5 Be7 17.h4 Bb4 18.h5 Be6 19.g6 h6 20.gxf7+ Bxf7 21.Bxf7+ Rxf7 22.Qd3 Bxc3
23.bxc3 Rc8 24.Kb1 Na4 25.Rdf1 Nxc3+ 26.Kb2 Rd7 {#R} 0-1

[Event "It (cat.4) (young masters)"]
[Site "masterchessopen.com Groningen (Netherlands)"]
[Round "10"]
[White "Efimenko Zahar (UKR)"]
[Black "Ma Yu (CHN)"]
[Result "1-0"]
[WhiteElo "2332"]
[BlackElo "2375"]

1.e4 c5 2.Nf3 d6 3.d4 cxd4 4.Nxd4 Nf6 5.Nc3 a6 6.Bg5 Nbd7 7.Bc4 Qc7 8.Qe2 e6
9.O-O-O Ne5 10.Bb3 Be7 11.f4 Nc6 12.f5 Nxd4 13.Rxd4 O-O 14.g4 b5 15.Be3 e5
16.Nd5 Nxd5 17.Rxd5 Bb7 18.g5 Bxd5 19.Bxd5 Rac8 20.h4 Kh8 21.Rh2 g6 22.h5 Qd8
23.hxg6 Bxg5 24.Rxh7+ Kg8 25.gxf7+ Kxh7 26.Qh5+ Kg7 27.Qg6+ Kh8 28.Bxg5 {#r}
1-0

[Event "Ch Europe (juniors) (under 18) (g)"]
[Site "masterchessopen.com Litohoto (Greece)"]
[Round "1"]
[White "Kradolfer Conny (SUI)"]
[Black "Kwiecien Joanna (POL)"]
[Result "0-1"]
[WhiteElo "2038"]
[BlackElo "2131"]

1.e4 c5 2.Nf3 d6 3.d4 cxd4 4.Nxd4 Nf6 5.Nc3 a6 6.Bg5 Nbd7 7.Qd2 e6 8.Bc4 Ne5
9.Bb3 Qc7 10.f4 Nc4 11.Bxc4 Qxc4 12.e5 dxe5 13.fxe5 Nd7 14.O-O-O Bb4 15.Nde2
O-O 16.Rhf1 Nxe5 17.Rf4 Qc5 18.Rh4 b5 19.Be3 Qe7 20.Qd4 Ng6 21.Rh5 e5 22.Qd3
Bxc3 23.bxc3 Qa3+ 24.Kd2 Bg4 25.Rg5 Rad8 26.Rxg4 Rxd3+ 27.cxd3 Qxa2+ 28.Ke1 a5
29.h4 f5 30.Rg5 Nxh4 {#R} 0-1

[Event "Ch Croatia (team) (2nd league)"]
[Site "masterchessopen.com Pula (Croatia)"]
[Round "8"]
[White "Koznjak Miroslav (CRO)"]
[Black "Mazor Damir (CRO)"]
[Result "1-0"]
[WhiteElo "2264"]
[BlackElo "2106"]

1.e4 c5 2.Nf3 d6 3.d4 cxd4 4.Nxd4 Nf6 5.Nc3 a6 6.Bg5 Nbd7 7.Bc4 Qc7 8.Qe2 e6
9.O-O-O Ne5 10.Bb3 Be7 11.f4 Nc6 12.f5 Nxd4 13.Rxd4 O-O 14.g4 b5 15.Be3 Rd8
16.g5 Ne8 17.Rf1 e5 18.Nd5 Qd7 19.Rd3 Bf8 20.Qh5 g6 21.fxg6 hxg6 22.Nf6+ Nxf6
23.Qxg6+ {#r} 1-0

[Event "It (open) (b)"]
[Site "masterchessopen.com Saint-Quentin (France)"]
[Round "9"]
[White "Plantet Marc (FRA)"]
[Black "Laurent Dominique (FRA)"]
[Result "0-1"]
[WhiteElo "1885"]
[BlackElo "2028"]

1.e4 c5 2.Nf3 d6 3.d4 cxd4 4.Nxd4 Nf6 5.Nc3 a6 6.Bg5 Nbd7 7.f4 b5 8.a3 Bb7
9.Bxf6 Nxf6 10.e5 dxe5 11.fxe5 Ne4 12.Nxe4 Bxe4 13.e6 Qb6 14.Bd3 Bxd3 15.Qf3
O-O-O 16.Qa8+ Kc7 17.Qf3 Qxd4 18.cxd3 Rd5 19.Rc1+ Kb7 20.Kd2 g6 21.Rc2 Bh6+
22.Ke2 fxe6 23.Re1 Rf8 24.Qh3 Rf2+ 25.Kd1 Qxd3+ {#R} 0-1

[Event "It (open)"]
[Site "masterchessopen.com Cannes (France)"]
[Round "8"]
[White "Geenen Marc (BEL)"]
[Black "Dichev Nedelcho (BUL)"]
[Result "1-0"]
[WhiteElo "2346"]
[BlackElo "2193"]

1.e4 c5 2.Nf3 d6 3.d4 cxd4 4.Nxd4 Nf6 5.Nc3 a6 6.Bg5 Nbd7 7.f4 b5 8.Bxf6 Nxf6
9.e5 b4 10.Ncb5 dxe5 11.fxe5 Ne4 12.Qf3 Bb7 13.e6 fxe6 14.Rd1 Qb6 15.Nxe6 Nd6
16.Nbc7+ Kd7 17.Nxa8 Bxa8 18.Nxf8+ Rxf8 19.Qxf8 Qe3+ 20.Be2 Bxg2 21.Qf2 Qe4
22.Rg1 Bh3 23.Qf3 Qe6 {#r} 1-0

[Event "Bayern Landesliga North 1999/00"]
[Site "masterchessopen.com Germany"]
[Round "5"]
[White "Saathoff Richard (GER)"]
[Black "Schwalbe Gerhard (GER)"]
[Result "1-0"]
[WhiteElo "2121"]
[BlackElo "2139"]

1.e4 c5 2.Nf3 d6 3.d4 cxd4 4.Nxd4 Nf6 5.Nc3 a6 6.Bg5 Nbd7 7.Bd3 e6 8.Qe2 Be7
9.O-O O-O 10.Kh1 Ne5 11.f4 Nxd3 12.Qxd3 Bd7 13.Rad1 Ne8 14.Bxe7 Qxe7 15.Qg3 b5
16.e5 f5 17.exd6 Nxd6 18.Rfe1 Rad8 19.b3 Qf6 20.Qe3 b4 21.Nce2 Ne4 22.c4 e5
23.fxe5 Qxe5 24.Nf4 a5 25.Nf3 Qb8 26.Rd5 Qa8 27.Qd4 Bc6 28.Ne6 Qb7 29.Rxd8
Rxd8 30.Nxd8 {#r} 1-0

[Event "It (open)"]
[Site "masterchessopen.com Glyfada (Greece)"]
[Round "1"]
[White "Anagnostopoulos Dimitri (GRE)"]
[Black "Georgiou Hristos (GRE)"]
[Result "1-0"]
[WhiteElo "2459"]
[BlackElo "1571"]

1.e4 c5 2.Nf3 d6 3.d4 cxd4 4.Nxd4 Nf6 5.Nc3 a6 6.Bg5 Nbd7 7.Bc4 e6 8.O-O Be7
9.Bxe6 O-O 10.Bb3 Nxe4 11.Bxe7 Nxc3 12.Qe1 Qe8 13.bxc3 Ne5 14.Bxf8 Qxf8 15.f4
Ng6 16.f5 Ne5 17.f6 g6 18.Nf3 Ng4 19.Qh4 h6 20.Rae1 g5 21.Qg3 Nxf6 22.Nxg5
{#r} 1-0

[Event "Olympiad"]
[Site "masterchessopen.com Istanbul (Turkey)"]
[Round "13"]
[White "Htun Lynn Kyaw (MYA)"]
[Black "Ahmed Haseeb (PAK)"]
[Result "0-1"]
[WhiteElo "2541"]
[BlackElo "2270"]

1.e4 c5 2.Nf3 d6 3.d4 cxd4 4.Nxd4 Nf6 5.Nc3 a6 6.Bg5 Nbd7 7.f4 b5 8.Bxf6 exf6
9.Qf3 Bb7 10.O-O-O g6 11.g4 Rc8 12.Nd5 Bg7 13.Kb1 O-O 14.h4 Re8 15.h5 Nc5
16.hxg6 hxg6 17.Bd3 Bxd5 18.exd5 f5 19.c3 fxg4 20.Qxg4 b4 21.cxb4 Nxd3 22.Rxd3
Rc4 23.f5 Qf6 24.fxg6 Rxd4 25.gxf7+ Kxf7 26.Qh5+ Kf8 27.Rf3 Rf4 28.Rxf4 Qxf4
29.a3 Qf2 30.Rh2 Qf1+ 31.Kc2 Rc8+ {#R} 0-1